| LEADER |
01110nam0a2200241 450 |
| 001 |
16867029 |
| 010 |
|
|
|a 978-2-35796-135-7
|b cart.
|d 15,7
|
| 100 |
|
|
|a 20250514d2025 u u0frey01 ba
|
| 101 |
0 |
|
|a fre
|
| 102 |
|
|
|a FR
|
| 200 |
0 |
|
|a Fabriqueur (Le)
|f scénario Régis Hautière
|g dessin Renaud Dillies - couleurs Christophe Bouchard
|
| 207 |
|
1 |
|a
|
| 210 |
|
|
|a Amiens
|c Ed. de la Gouttière
|d 2025
|
| 215 |
|
|
|a 1 vol. (82 p.)
|c illustrations en couleur
|d 30 x 23 cm
|
| 300 |
|
|
|a Lexique
|
| 330 |
|
|
|a Au coeur d'une sombre forêt, Choco, Mélie et Zaki rencontrent toutes sortes de créatures, mais aussi un cow-boy ainsi qu'Orchidia, une petite fille fabriquée et adoptée par Orfanik, un savant fou qui rêve de créer le monstre parfait.
|
| 461 |
|
0 |
|t Le Clan de la rivière sauvage
|v 03
|
| 700 |
|
0 |
|a Hautière
|b Régis
|f 1969-....
|4 70
|
| 701 |
|
0 |
|a Dillies
|b Renaud
|4 440
|
| 702 |
|
0 |
|a Bouchard
|b Christophe
|4 410
|
| 900 |
|
|
|a Bande Dessinée (enfants)
|
| 901 |
|
|
|a Jeunesse
|
| 995 |
|
|
|a Médiathèque
|c Médiathèque
|f 00156008861569
|h 00156008861569
|k BD HAU CLA 3
|o p
|q j
|r az
|u 1 ex M / 1 ex SR - B
|e Médiathèque
|